| 000 | 01086akm a2200385a 44500 | ||
|---|---|---|---|
| 008 | 000531s2000 cat | ||
| 017 | _aPM-993-2000 | ||
| 041 | _acat | ||
| 041 | _bspa | ||
| 080 | _a597(038) | ||
| 110 |
_aBalears. Govern. Direcció General de Política Lingüística _969674 |
||
| 245 | _aVocabulari dels principals peixos i mariscs comercialitzats a les Illes Balears | ||
| 245 | _cBalears. Govern. Direcció General de Política Lingüística. | ||
| 245 | _h[tríptic] | ||
| 260 | _a[Palma de Mallorca] | ||
| 260 | _bGovern de les Illes Balears | ||
| 260 | _c2000 | ||
| 300 | _a1 díptic | ||
| 500 | _aNom científic | ||
| 520 | _a165 | ||
| 522 | _aIlles Balears | ||
| 591 | _a6622 | ||
| 592 | _aObra terminològica | ||
| 593 | _aDGC | ||
| 593 | _aFP | ||
| 594 | _a6622 | ||
| 650 |
_apeixos _960724 |
||
| 650 |
_apesca _960725 |
||
| 901 | _cDL <2000> | ||
| 902 | _a000531 | ||
| 942 |
_cMO _n0 |
||
| 999 |
_c59188 _d59188 |
||